00976nam a2200229 a 450000100100000000500170001000800410002702000150006804000250008308200210010810000300012924000920015924501130025126000380036430000210040259000750042365000330049865100360053191000370056795201250060499900170072900003490120200930073956.0111021s1979 sp 000 0 spa d a9682303907 aDO-SdBNPbspacBNPHU a907.20938bC492n1 aChatelet, Francois94470010aLa naissance de l' histoire : La formation de la penseé historiee en Grecelespañol13aEl nacimiento de la historia :bLa formación del pensamiento historiador en Grecia /cFrancois Châtelet. aMexico :bSiglo Veintiuno,c1979. a571 p. ;c18 cm. aPerteneció a la biblioteca personal de Juan Isidro Jimenes Grullón 4aHistoriadoreszGrecia960465 4aGreciaxHistoriografía960466 aValidado. Control de calidad MFF 001052708MOaGRbGRcHDd2011-10-21iLF1l0o907.20938 C492np34901-10r2020-06-25w2020-06-25y2ZPréstamo interno c34392d34392